| 000 | 00430cam a2200145 4500500 | ||
|---|---|---|---|
| 005 | 20251102004431.0 | ||
| 041 | _afre | ||
| 042 | _adc | ||
| 100 | 1 | 0 |
_aRoullière, Yves _eauthor |
| 245 | 0 | 0 | _aLes passants considérables |
| 260 | _c2025. | ||
| 500 | _a43 | ||
| 786 | 0 | _nChristus | 288 | 2 | 2025-10-03 | p. 54-62 | 0009-5834 | |
| 856 | 4 | 1 | _uhttps://shs.cairn.info/revue-christus-2025-2-page-54?lang=fr&redirect-ssocas=7080 |
| 999 |
_c1560548 _d1560548 |
||